| 000 | 02202cam a22005294a 4500 | ||
|---|---|---|---|
| 001 | muse92051 | ||
| 003 | MdBmJHUP | ||
| 005 | 20210127151820.0 | ||
| 006 | m o d | ||
| 007 | cr||||||||nn|n | ||
| 008 | 931020s1988 miu o 00 0 eng d | ||
| 010 | _z 87062020 | ||
| 020 | _a9780472902309 | ||
| 020 | _z0891480439 (cloth) | ||
| 020 | _z0891480447 (pbk.) | ||
| 020 | _z9780891480433 | ||
| 035 | _a(OCoLC)1184511849 | ||
| 040 |
_aMdBmJHUP _cMdBmJHUP |
||
| 043 | _aas----- | ||
| 050 | 0 | 4 |
_aDS523.3 _b.E84 1988 |
| 245 | 0 | 0 |
_aEthnic Diversity and the Control of Natural Resources in Southeast Asia _cedited by A. Terry Rambo, Kathleen Gillogly, and Karl L. Hutterer. |
| 264 | 1 | _bCenter for South and Southeast Asian Studies, University of Michigan, | |
| 264 | 3 | _bProject MUSE, | |
| 300 |
_a1 online resource (xii, 229 p.) : _bill., maps ; |
||
| 500 | _a"Published in cooperation with the East-West Center, Environment and Policy Institute, Honolulu, Hawaii." | ||
| 500 | _aPapers based from a conference held at the University of Michigan in Ann Arbor, Aug. 1984. | ||
| 504 | _aIncludes bibliographical references. | ||
| 506 | 0 |
_aOpen Access _fUnrestricted online access _2star |
|
| 588 | _aDescription based on print version record. | ||
| 650 | 0 |
_aNatural resources _zSoutheast Asia _vCongresses. |
|
| 650 | 0 |
_aHuman beings _xEffect of environment on _zSoutheast Asia _vCongresses. |
|
| 650 | 0 |
_aHuman ecology _zSoutheast Asia _vCongresses. |
|
| 650 | 0 |
_aEthnology _zSoutheast Asia _vCongresses. |
|
| 655 | 7 |
_aElectronic books. _2local |
|
| 700 | 1 | _aHutterer, Karl L. | |
| 700 | 1 | _aGillogly, Kathleen. | |
| 700 | 1 | _aRambo, A. Terry. | |
| 710 | 2 | _aEast-West Environment and Policy Institute (Honolulu, Hawaii) | |
| 710 | 2 |
_aUniversity of Michigan. _bCenter for South and Southeast Asian Studies. |
|
| 710 | 2 |
_aProject Muse. _edistributor |
|
| 830 | 0 | _aBook collections on Project MUSE. | |
| 856 | 4 | 0 |
_zFull text available: _uhttps://muse.jhu.edu/book/77799/ |
| 999 |
_c27128 _d27128 |
||